| 000 | 00481nam a2200181Ia 4500 | ||
|---|---|---|---|
| 003 | GCL | ||
| 008 | 140319s9999 xx 000 0 eng d | ||
| 040 |
_aGCL / _cGCL |
||
| 082 | 0 | 4 |
_a944 _bP H |
| 100 | 1 | _aPLUCHON, PIERRE | |
| 245 | 1 | 0 |
_aHISTOIRE DE LA COLONISATION FRANCAISE / _cPLUCHON, PIERRE |
| 260 |
_a[S.N] : _bLIBRAIRIE ARTHEME FAYARD ، _c1991 |
||
| 300 | _a1114 P | ||
| 650 | 0 | 4 | _aFRANCE |
| 650 | 0 | 4 | _aFRENCH COLONIZATION |
| 650 | 0 | 4 | _aKINGSAF FRANCE |
| 942 |
_2ddc _cBK |
||
| 999 |
_c22619 _d22619 |
||